Šumava : vyprávění z Hoidlí /

Hlavní autor: Malá, Marie, 1939-
Jazyk: Čeština
Vydáno: Klatovy : Typos, 2011
Témata:
Fyzický popis: 182 s. : il. (některé barev.), portréty, faksim. ; 22 cm
Knihy
Uloženo v:
LEADER 01877nam a2200517 a 4500
001 nkc20112173078
003 CZ PrNK
005 20110711150808.0
007 ta
008 110307s2011 xr ach e 000 0 cze
015 |a cnb002173078 
020 |a 978-80-254-9394-6  |q (váz.) :  |c Kč 165,00 
035 |a (OCoLC)741402215 
040 |a OLA001  |b cze 
043 |a e-xr---  |b e-xr-cc  |a e-gx---  |a e-au---  |2 czenas 
045 |a x-x- 
072 7 |a 908(437)  |x Vlastivěda Česka a Slovenska  |2 Konspekt  |9 8 
072 7 |a 929  |x Biografie  |2 Konspekt  |9 8 
080 |a 394  |2 MRF 
080 |a 94(437.31-13)  |2 MRF 
080 |a 908(437.31-13)  |2 MRF 
080 |a (0:82-94)  |2 MRF 
080 |a (0:82-3)  |2 MRF 
100 1 |a Malá, Marie,  |d 1939-  |7 mzk2009512895  |4 aut 
245 1 0 |a Šumava :  |b vyprávění z Hoidlí /  |c Marie Malá 
246 3 0 |a Vyprávění z Hoidlí 
246 1 8 |a Šumava - vyprávění z Hoidlí 
260 |a Klatovy :  |b Typos,  |c 2011 
300 |a 182 s. :  |b il. (některé barev.), portréty, faksim. ;  |c 22 cm 
504 |a Obsahuje bibliografii 
600 1 7 |a Malá, Marie,  |d 1939-  |7 mzk2009512895  |2 czenas 
648 7 |a 20. století  |7 ch460558  |2 czenas 
650 0 7 |a každodenní život  |7 ph121555  |z Česko  |y 20. století  |2 czenas 
650 0 9 |a everyday life  |z Czechia  |y 20th century  |2 eczenas 
651 7 |a Šumava (pohoří)  |7 ge128617  |x dějiny  |2 czenas 
651 7 |a Šumava (pohoří)  |7 ge128617  |x vlastivěda  |2 czenas 
651 9 |a Šumava  |x history and geography  |2 eczenas 
655 7 |a autobiografické vzpomínky  |7 fd131854  |2 czenas 
655 7 |a vyprávění  |7 fd133823  |2 czenas 
655 9 |a autobiographical reminiscences  |2 eczenas 
655 9 |a narrations  |2 eczenas 
910 2 |a BOA001  |b 2-1266.736 
990 |a BK 
995 |a 01 
991 |b 201106  |e b 
996 6 |b 2610479387  |c 2-1266.736  |l MZK  |r Sklad / do 1 hodiny  |n 1  |p p.v.  |w 001182479  |u 000010  |a 1  |e BOA001  |j MZK50  |s P